000 00431cam a2200193ua 4500
001 8785
005 20260515114357.0
008 150214n ii |||gr||||Z||||||eng
040 _cMAIN
041 _aeng
082 _a821
100 _aHough, G.,
_eAuthor.,
245 1 _aRomantic poets
_cBy Graham Hough
250 _a3rd.
260 _aNew Delhi:
_bBI,
_c1995.
300 _avi,200p.
653 _aEnglish poetry
942 _cBK
999 _c7876
_d7876